000 01723nac a22003251u 4500
010 _a86018546
020 _a007100596x
020 _a0070423318 (solutions manual) :
020 _a0074637363
082 0 0 _a621.3817
_bM655
090 _c69
100 _aMillman, Jacob,
245 1 0 _aMicroelectronics /
_cJacob Millman, Arvin Grabel.
250 _a2nd ed.
260 _aNew York :
_bMcGraw-Hill,
_cc1987.
300 _axx, 1001 p. :
_bill. ;
_c25 cm.
440 0 _aMcGraw-Hill series in electrical engineering.
650 0 _aMicroelectronics.
650 0 _aIntegrated circuits.
650 0 _aElectronic circuit design.
650 0 _aDigital electronics.
700 1 _aGrabel, Arvin.
942 _cBB
_k621.3817M655
999 _c69
_d69